| 000 | 00522nam a2200217 454500 | ||
|---|---|---|---|
| 001 | 058138 | ||
| 003 | BD-ChCU | ||
| 008 | Eng | ||
| 020 | _a0534620302 | ||
| 040 |
_aDLC _cDLC _dBD-ChCU |
||
| 082 | 0 | 0 | _a300.72/B112p |
| 100 | 1 |
_aBabbie, Earl _bx |
|
| 245 | 1 | 0 |
_aThe practice of social research _bx |
| 250 | _a10 | ||
| 260 |
_aAustralia _bThomson _c2004 |
||
| 300 | _a493+...? | ||
| 504 | _aIncludes | ||
| 650 | 0 |
_aSocial sciences - Research _bSocial sciences - Methodology |
|
| 700 | 1 | _ax | |
| 942 |
_2ddc _cBK |
||
| 999 |
_c58138 _d58138 |
||